000 00991nam a22002537a 4500
999 _c375
_d375
003 AR-CdUCM
008 190223b ||||| |||| 00| 0 spa d
020 _a8495457164
040 _aMUNICIPALIDAD PROVINCIAL DEL CUSCO
_cBIBLIOTECA MUNICIPAL DEL CUSCO
082 _a985.019 /
_bT1
100 _aSahuara Inca, Justo Apu
_91512
110 _aFundacíon Telefónica
_91513
245 _aRecuerdos de la Monarquia Peruana:
_bBosquejo de la Historia de los Incas (Compendio Breve) /
_cTelefonica, Fundacion ; Sahuara Inca, Justo Apu
260 _aLima :
_bFundacion Telefonica ,
_c2001.
300 _a101 paginas :
_c30 cm.
505 _aBosquejo de la Historia de los Incas -- Don Justo Apu Sahuaraura Inca -- Monarquia Peruana...
650 _aMonarquia Peruana.
_91514
650 _aHistoria de los Incas.
_91515
650 _aApu Sahuaraura.
_91516
700 _aSahuara Inca, Justo Apu
_91512
710 _aFUNDACION TELEFONICA /
_91517
942 _2ddc
_cLIBROS
945 _artm
_d2019-02-23